00857nam a22002057a 4500999001900000005001700019010001300036020002500049035001100074037001300085082001100098100004200109245011100151246005400262260005200316270009200368300002300460942003100483952013700514 c176118d17611820201111115113.0 aUR-10924 c99.00a9789389733365 aU-9479 bDBAD/PUB a844.08 aسيد عتيق ا جمل و ز ير  aحا صل تحر ير(تحقيقی و تنقيد ی مضا مين )cسيد عتيق ا جمل و ز ير  bHasil-e-Tehreer (Urdu)abySyed Ateeq Ajmal Vazeer aN.Delhi bEducational Publishing Housec2019 ء aH.O.D1/16,Ansari Road,Darya ganj,bN.Delhie110002k45678285,23216162l0091-11-23211540 a152 ص c22 Cm(Hb) 2ddccURh844.08mا ج م  001040708NFICaDBADbDBADd2020-11-11eDBAD/PUBg99.00l0o844.08 ا ج مpU-9479r2020-11-11 00:00:00t1v99.00w2020-11-11yUR